000 00581nam a2200193Ia 4500
008 131103s9999 xx 000 0 und d
040 _aLoreto College
041 _aEnglish
082 _a880/ARI
_bLCLIB
100 _aAristotle
245 _aAristotle's poetics
_ca course of English lectures by Humphry House;revised with a preface,by Colin Hardie
260 _aLondon
_bRupert Hart - Davis
_c1961
300 _a128 p.
_c 19 cm.
504 _aIncludes bibliographical references
650 _aGreek Literature
700 _aHouse,Humphry
850 _aLCLIB
942 _cBK
999 _c5434
_d55913